La literatura de Chile
Պահպանված է:
| Հիմնական հեղինակ: | |
|---|---|
| Ձևաչափ: | Գիրք |
| Լեզու: | իսպաներեն |
| Հրապարակվել է: |
Buenos Aires
Coni
1941
|
| Շարք: | Las Literaturas Americanas, 4
|
| Խորագրեր: | |
| Ցուցիչներ: |
Ավելացրեք ցուցիչ
Չկան պիտակներ, Եղեք առաջինը, ով նշում է այս գրառումը!
|
MARC
| LEADER | 00000nam a2200000 a 4500 | ||
|---|---|---|---|
| 001 | UCQ6537 | ||
| 003 | CL-VaPUC | ||
| 008 | 981016e19410000AG |||||||||||||||||spa|d | ||
| 082 | 0 | 4 | |a Ch860.9 |b LAT |2 21 |
| 100 | |a Latorre Court, Mariano |e author |9 611032 | ||
| 245 | 1 | 3 | |a La literatura de Chile |
| 300 | |a 208 p | ||
| 942 | |c BK | ||
| 945 | |d 19981016 00:00:00 |a crobeson | ||
| 260 | |a Buenos Aires |b Coni |c 1941 | ||
| 650 | 0 | |a Literatura chilena |9 308278 | |
| 650 | 0 | |a Historia y crítica |9 257407 | |
| 583 | |a last modification |c 19981016 00:00:00 |k Rodrigo Vera | ||
| 490 | 0 | |a Las Literaturas Americanas, 4 | |
| 999 | |c 276487 |d 276485 | ||
| 952 | |0 0 |1 0 |4 0 |6 CH_860_900000000000000_LAT_1941 |7 0 |8 A |9 313745 |a BIBEDU |b BIBEDU |d 2019-11-20 |i 1482874 |o Ch860.9 LAT 1941 |p 1482874 |r 2019-11-20 |w 2019-11-20 |y BK |k LIT | ||